Human-Computer interaction / (Record no. 1016)

MARC details
000 -LEADER
fixed length control field 00582nam a2200229 4500
005 - DATE AND TIME OF LATEST TRANSACTION
control field 20141029111418.0
007 - PHYSICAL DESCRIPTION FIXED FIELD--GENERAL INFORMATION
fixed length control field 000
008 - FIXED-LENGTH DATA ELEMENTS--GENERAL INFORMATION
fixed length control field 000
020 ## - INTERNATIONAL STANDARD BOOK NUMBER
International Standard Book Number 0130461091
040 ## - CATALOGING SOURCE
Original cataloging agency UOEL
050 ## - LIBRARY OF CONGRESS CALL NUMBER
Classification number QA76.9
Item number .D59 2004
245 ## - TITLE STATEMENT
Title Human-Computer interaction /
Statement of responsibility, etc Alan Dix ... [et al.]
250 ## - EDITION STATEMENT
Edition statement 3rd ed.
260 ## - PUBLICATION, DISTRIBUTION, ETC. (IMPRINT)
Place of publication, distribution, etc Harlow ;
Name of publisher, distributor, etc Pearson ,
Date of publication, distribution, etc c2004
300 ## - PHYSICAL DESCRIPTION
Extent xxv, 834 p. :
Other physical details ill.
500 ## - GENERAL NOTE
General note includes bibliographical references and index
650 ## - SUBJECT ADDED ENTRY--TOPICAL TERM
Topical term or geographic name as entry element Computer
General subdivision Mathematics
700 ## - ADDED ENTRY--PERSONAL NAME
Personal name Dix, Alan
Personal name Finlay, Janet
Personal name Abowd, Gregory D.
942 ## - ADDED ENTRY ELEMENTS (KOHA)
Source of classification or shelving scheme Library of Congress Classification
Item type Short Loan for 1 day

No items available.